00417nam a2200157Ia 4500008004100000020001800041082001600059100001600075245004700091250000700138260003800145300002700183500000700210600002700217650001500244240925s9999 xx 000 0 und d a9789380386133 a621.319 GUP aBali ,N. P. 0aSolution Manual to Engineering Mathematics aNA aNew Delhi:bS. K. Katariac,2011. av,674p.bN.AfOriginal aNA aElectronic Engineering aTechnology